Gestes d'urgence - Statistiques

Statistiques générales
  • Ce quiz a été pris 46 fois
    30 depuis la dernière actualisation
  • Le résultat moyen est 6 sur 8
Statistiques - réponses
Question Réponse % Correct
Quel numéro d'urgence médicale existe en France? 15
96%
À quoi repère t'on une obstruction totale des voix aériennes? Pas de Toux - Pas de respiration
93%
Que veut dire l'acronyme ACR? Arrêt Cardio-Respiratoire
82%
Quel est l'ordre prioritaire de la prise en charge d'une réanimation? Alerter - Masser - Défibriller
75%
Le massage cardiaque seul suffit à réanimer une personne? Faux
71%
Quel autre nom détermine la manoeuvre Heimlich, dans la prise en charge d'une désobstruction des voies aériennes? Compressions abdominales
54%
A quelle fréquence de battements par minute doit-on réaliser un message cardiaque? 100 à 120 bpm
46%
Sur quel rythme cardiaque fonctionne un défibrillateur? Fibrillation ventriculaire
39%
Aucun quiz correspondant
Distribution des résultats
% des personnes avec chaque résultat
Percentile par nombre de réponses
Votre historique - résultats
Vous n’avez pas pris ce quiz depuis la dernière actualisation